000 00664nam a2200193Ia 4500
999 _c36853
_d36853
001 2802
003 GE_BSU
005 20190507142730.0
008 181216s1999||||ge |||||||||||||| ||geo||
040 _cGE_BSU
041 _ageo
080 _a321.01(075.8) გ–26
100 _aგეგეშიძე, არჩილ
_9880
245 _aგეოპოლიტიკა : სახელმძღვანელო
264 _aთბილისი,
_c1999.
300 _a272 გვ.
_bდან.ცხრ. გვ. 250–257; ლექსიკონი გვ :.258–270
_c19 სმ.
653 _aგეოპოლიტიკა.
942 _cBK
_2udc